Noms de pays cryptés - Statistiques

Statistiques générales
  • Ce quiz a été pris 105 fois
  • Le résultat moyen est 11 sur 20
Statistiques - réponses
Code Pays % Correct
Qnqcqwu Uruguay
65%
Wniajea Arménie
63%
Enhwjza Irlande
62%
Nkqiwjea Roumanie
61%
Veixwxsa Zimbabwe
61%
Aienwpo Wnwxao Qjeo Emirats Arabes Unis
60%
Wjzknna Andorre
58%
Wbcdwjeopwj Afghanistan
57%
Ldehellejao Philippines
57%
Ykikneo Comores
56%
Heaydpajopaej Liechtenstein
56%
Gencdeveopwj Kirghizistan
55%
Xeahknqooea Biélorussie
54%
Ikjwyk Monaco
52%
Pwjvwjea Tanzanie
51%
Xqnqjze Burundi
50%
Cqwpaiwhw Guatemala
50%
Iwzwcwoywn Madagascar
50%
Jeywnwcqw Nicaragua
49%
Oejcwlkqn Singapour
49%
Aucun quiz correspondant
Distribution des résultats
% des personnes avec chaque résultat
Percentile par nombre de réponses
Votre historique - résultats
Vous n’avez pas pris ce quiz